| 000 | 00575nam a22001817a 4500 | ||
|---|---|---|---|
| 005 | 20230316052835.0 | ||
| 008 | 230316b |||||||| |||| 00| 0 eng d | ||
| 020 | _a978-621-427-022-4 | ||
| 082 | _aFil. 337 Ar712 2018 | ||
| 100 |
_aAriola, Mariano M. _eauthor |
||
| 245 |
_aThe contemporary world / _cDr. Mariano M. Ariola |
||
| 260 |
_aManila: _bUnlimited Books Library Services & Publishing, _cc2018 |
||
| 300 | _ax, 131p. | ||
| 504 | _aIncludes bibliographical references | ||
| 541 | _e5883 c.1, 5884 c.2, 5885 c.3 | ||
| 650 | _aGlobalization | ||
| 650 | _aWorld economics | ||
| 999 |
_c1875 _d1875 |
||